| 000 | 00731cam a2200229 a 4500 | ||
|---|---|---|---|
| 001 | 000018613 | ||
| 005 | 20200929165830.0 | ||
| 008 | 100512s1997 mx a 000 f spa d | ||
| 020 | _a968190513X | ||
| 040 |
_aDO-SdBNP _bspa _cBNPHU |
||
| 082 |
_a895.152 _bM214h |
||
| 100 | 1 |
_aMah, Adeline Yen, _d1937- _940225 |
|
| 245 | 1 | 3 |
_aLas hojas que caen : _bmemorias de una hija rechazada / _cAdeline Yen Mah ; traducción John Wiley. |
| 260 |
_aMéxico : _bAlfaguara, _c1997. |
||
| 300 |
_a354 p. : _bil. ; _c24 cm. |
||
| 490 | 1 |
_aGranjas Esmeralda _v162 |
|
| 650 | 4 |
_aNovela china _940226 |
|
| 650 | 4 |
_aLiteratura china _ySIGLO XX _940227 |
|
| 700 | 1 |
_aWiley, John _940228 |
|
| 830 | 0 |
_aGranjas Esmeraldas ; _v162 _940229 |
|
| 049 | _aBNGR | ||
| 999 |
_c18133 _d18133 |
||